[Event "Champigny sur Marne op 6th"]
[Site "Champigny sur Marne"]
[Date "2006.02.19"]
[Round "5"]
[White "Villanove, Jean Francois"]
[Black "Pauvert, Gabrielle"]
[Result "1-0"]
[WhiteElo "1399"]
[BlackElo "1009"]
[PlyCount "41"]
[EventDate "2006.02.16"]
[EventType "swiss"]
[EventRounds "6"]
[EventCountry "FRA"]
[SourceTitle "EXT 2007"]
[Source "ChessBase"]
[SourceDate "2006.11.23"]
[SourceVersion "1"]
[SourceVersionDate "2006.11.23"]
[SourceQuality "1"]

1. e4 e5 2. Nf3 Nc6 3. d4 f6 4. b3 Bb4+ 5. c3 Bd6 6. g3 Nge7 7. Bg2 a6 8. dxe5 fxe5 9. Bg5 Na7 10. 0-0 Nb5 11. a4 Na7 12. b4 c6 13. c4 Bxb4 14. Nxe5 Qc7 15. Qh5+ Kd8 16. Bxe7+ Bxe7 17. Nf7+ Ke8 18. Nxh8+ Kd8 19. Nf7+ Ke8 20. Nd6+ Kf8 21. Qe8# 1-0